000 00828nam a2200241 i 4500
001 170111
003 ES-MaACL
005 20250827231411.0
008 090202s1972 fr |||| | fre d
080 _a165.72
100 1 _aDumont, Jean-Paul.
_946009
245 1 3 _aLe scepticisme et le phénomène
_b: essai sur la signification et les origines du pyrrhonisme /
_cpar Jean-Paul Dumont.
260 _aParis :
_bJ. Vrin,
_c1972.
300 _a256 p. ;
_c24 cm.
490 1 _aBibliothèque d'histoire de la philosophie
500 _aÍndices.
504 _aBibliografía.
650 0 4 _aEscépticos.
_912356
650 0 7 _aEscepticismo
_2embne
_912353
830 0 _aBibliothèque d'histoire de la philosophie
_9177275
852 4 _aES-MaACL
_jE-12404
_z. - Biblioteca Jacinto Martínez Lacalle
999 _c170111
_d170111